000 00664nam a2200229Ia 4500
005 20250508163856.0
008 008 250505s9999 xx 000 0 eng d
020 _a0-415-26082-5
037 _aReference
040 _aFEDL
_beng
_cFEDL
041 _aeng
_2eng
084 _a507, AMO
_qFEDL
100 _aAmos Sandra Ed.
_9776634
245 0 _aAspects of teaching secondary science : Perspectives on practice
260 _aLondon, UK
_bRoutledge Falmer
_c2002
300 _axviii,302p.
365 _aGBP
_b18.99
650 _aScience teaching
700 _a Boohan Richard Ed.
_9776635
942 _cREF
_h507, AMO
999 _c1385736
_d1385736